000 01432nam a22001817a 4500
100 _aZhang, Z
245 _aNumerical analysis of heat transfer and chemical reaction coupling in the rubber seal vulcanization process
260 _bRubber Chemistry and Technology, 95(2): 342-358.
_c2022
520 _aVulcanization parameters significantly affect the performance of rubber seals and the energy savings of the manufacturing process, which require a relationship between process parameters and vulcanization characteristics. Based on the vulcanization kinetics of rubber seal materials, a transient thermochemical-coupled finite-element model of the vulcanization process was established and solved. Changes in thermal conductivity and specific heat capacity during vulcanization were considered in detail. The effects of operational and structural parameters, such as mold temperature, heating duration, and rubber seal shape, cross-sectional dimensions on vulcanization characteristics were investigated. Finally, feasible suggestions for the vulcanization production of rubber seals are discussed. The study is expected to design parameters and control the vulcanization process of rubber seals accurately.
650 _aRubber seal vulcanization
650 _aCoupling
700 _aJia, X
700 _aGuo, F
700 _aHuang, X
700 _aWang, Y
856 _uhttps://doi.org/10.5254/rct.21.78984
942 _cJS
999 _c74933
_d74933